| 000 | 00623nam a2200193 a 4500 | ||
|---|---|---|---|
| 005 | 20250116063830.0 | ||
| 008 | 991125s1995 mx 000 0 spa u | ||
| 035 | _aUPN01000017872 | ||
| 049 | _aF | ||
| 050 | 4 |
_aLB5 _bD54 no.39 |
|
| 100 | 1 |
_aBuenfil Burgos, Rosa Nidia _931434 |
|
| 245 | 1 | 0 |
_aEducación, postmodernidad y discurso : _btres acercamientos / _cRosa Nidia Buenfil Burgos. |
| 260 |
_aMéxico : _bIPN, Centro de Investigación y de Estudios Avanzados, _c1995. |
||
| 300 | _a29 p. | ||
| 440 | 0 |
_aDocumento DIE ; _v39 |
|
| 650 | 4 |
_aEducación _xInvestigación _94070 |
|
| 650 | 4 |
_aEducación _9682 |
|
| 905 | _aLibro | ||
| 999 |
_c17872 _d17872 |
||